000 01789nam a22004457a 4500
003 CHAP
005 20220329143337.0
008 081015s2008 mx r 00010 spa d
010 _a95248
011 _a96220
035 _a106867
040 _cCHAP
090 _aTesis
100 0 0 _aQuezada Gonzaga, Bonifacio.
_993271
245 1 0 _aDeterminación de los parámetros principales de un deshumidificador de aire y su efecto en la vida de anaquel de la tuna (Opuntia spp)
_c/por Bonifacio Quezada Gonzaga
260 _aChapingo, Méx. :
_bEl autor,
_c2008
300 _avi, 82 h. :
_bilus., cuadros, gráfs.
502 _aTesis (Mtro. En Ingeniería y uso Integral del Agua) -- UACH. Departamento de Irrigación. Departamento de Ingeniería Mecánica Agrícola
530 _aTambién disponible en línea
590 _aALEPH
_b10
_c20130110
_lUCH01
_h1524
590 _aBATCH-UPD
_b10
_c20130110
_lUCH01
_h0742
590 _aBATCH-UPD
_b10
_c20130410
_lUCH01
_h0423
590 _aBATCH-UPD
_b10
_c20130913
_lUCH01
_h2346
590 _aBATCH-UPD
_b10
_c20140324
_lUCH01
_h1508
590 _aBATCH-UPD
_b10
_c20141002
_lUCH01
_h0837
590 _aCONVERSION
_b10
_c20130109
_lUCH01
_h1353
650 1 4 _aAire acondicionado.
_93151
650 1 4 _aCalor
_xTransmisión.
_917579
650 1 4 _aMaquinaria
_xDiseño.
_971143
650 1 4 _aTuna
_xAlmacenamiento.
_9115545
650 1 4 _aTuna
_xEfecto de la humedad.
_9115549
650 1 4 _aTuna
_xMercadeo.
_9115559
650 1 4 _aTuna
_xRendimiento.
_9115562
856 _3Finding aid
_uhttp://10.13.5.2/tesis/106867.pdf
_zTeclea aqui
901 _aBK
905 _aluisgm
942 _cFOLL
949 _aTesis
_bBC
_cTES
_d33724002074280
_eTS2
_fc.2
_gDonaciØn
_h48272
_i106867
_sb
949 _atesis
_bBC
_cTES
_d33724002074322
_eTS1
_gDonaciØn
_h48271
_i106867
_sb
999 _c95248
_d95248